000 00574nam a22002297a 4500
003 UA-OsUOA
001 20509
007 ta
008 20031031b un ||||| |||| 00| 0 ukr d
090 _a913(470+571)
_bВ67
942 _cBK
040 _aUA-OsUOA
_brus
_cUA-OsUOA
_dUA-OsUOA
245 _aВолга магистраль пяти морей
_cВ.В.Покшишевский
300 _a487 с.
955 _a0
041 _arus
080 _a913(470+571)
260 _aМосква
_bРечиздат
_c1953
044 _aRU
650 7 _2UDC
999 _c306688
_d306688